000 00727cam a22002413a 4500
001 10209
003 PGUSA
005 20140828083221.0
008 031101s2003||||xxu|||||s|||||000 | eng d
040 _aPGUSA
_beng
042 _adc
050 4 _aTK
100 1 _aEdison, Thomas A.
_q(Thomas Alva),
_d1847-1931
245 1 0 _aElectricity and Progress :
_bOpening of the New York Electrical Show
_h[electronic resource] /
_cThomas A. Edison
260 _bProject Gutenberg,
_c2003
500 _aRecorded October 3, 1908.
506 _aPublic domain in the USA.
516 _aElectronic text
653 _aElectricity
830 0 _aProject Gutenberg
_v10209
856 4 0 _uhttp://www.gutenberg.org/ebooks/10209
942 _cEB
999 _c239464
_d239464